000 00436nam a2200193Ia 4500
005 20250603144856.0
008 250603s9999 xx 000 0 und d
020 _a0-07-064855-7
050 _aTC 145 .S83/
100 _aSubramanya, K.
245 0 _aEngineering hydrology
250 _a3rd ed.
260 _aNew Delhi
260 _bTata McGraw Hill
260 _c2008
300 _a434 p
650 _aNew Delhi
942 _cBK
999 _c40210
_d40210